000 00545nam a2200229 a 4500
001 nice12345678
003 IN_TiNIC
005 20260116011514.0
008 070309s1929 no a grp 000 0 ara
020 _a
_c100
082 0 0 _a297.124
_bMUS1
100 _aMuslim, Imam Abul Hussain
245 _aSahih Muslim
260 _aNo Pleace
_bNo Pleace
_c1929
300 _a00p
500 _aincludes index and biblioraphy
650 _aHadith
700 1 _aMuslim, Imam Abul Hussain
902 _bRHR
942 _cBK
999 _c2130
_d2130